Antique musical instrumentos and their players
সংরক্ষণ করুন:
| প্রধান লেখক: | |
|---|---|
| বিন্যাস: | গ্রন্থ |
| ভাষা: | ইংরেজি |
| প্রকাশিত: |
Nueva York
Dover
1964
|
| বিষয়গুলি: | |
| ট্যাগগুলো: |
ট্যাগ যুক্ত করুন
কোনো ট্যাগ নেই, প্রথমজন হিসাবে ট্যাগ করুন!
|
MARC
| LEADER | 00000nam a2200000 a 4500 | ||
|---|---|---|---|
| 001 | UCN2718 | ||
| 003 | CL-VaPUC | ||
| 008 | 010531e19640000US |||||||||||||||||eng|d | ||
| 082 | 0 | 4 | |a 784.19 |b BON |2 21 |
| 100 | 0 | |a Bonanni, Filippo |e author |9 458859 | |
| 245 | 1 | 0 | |a Antique musical instrumentos and their players |
| 300 | |a 305 p | ||
| 942 | |c BK | ||
| 945 | |d 20010531 00:00:00 |a crobeson | ||
| 260 | |a Nueva York |b Dover |c 1964 | ||
| 500 | |a Contiene 152 láminas | ||
| 650 | 0 | |a Instrumentos musicales |9 306600 | |
| 650 | 0 | |a Organología |9 306545 | |
| 650 | 0 | |a Música antigua |9 391245 | |
| 583 | |a last modification |c 20010531 00:00:00 |k Rodrigo Vera | ||
| 999 | |c 295773 |d 295771 | ||
| 952 | |0 0 |1 0 |4 0 |6 784_190000000000000_BON_1964 |7 0 |8 A |9 349118 |a BIBEDU |b BIBEDU |d 2019-11-20 |i 1185748 |o 784.19 BON 1964 |p 1185748 |r 2023-01-12 |w 2019-11-20 |y BK |k MUS | ||